Politická ekonomie
Guardado en:
| Formato: | Seriadas |
|---|---|
| Lenguaje: | inglés |
| Publicado: |
Praha
Vysoká škola ekonomická v Praze
2020
|
| Materias: | |
| Etiquetas: |
Sin Etiquetas, Sea el primero en etiquetar este registro!
|
MARC
| LEADER | 00000nas2a2200000 4500 | ||
|---|---|---|---|
| 001 | 0303569 | ||
| 005 | 20240812114837.6 | ||
| 022 | |a 2336-8225 | ||
| 041 | 0 | |a eng | |
| 044 | |a CZ | ||
| 245 | 1 | 0 | |a Politická ekonomie |
| 264 | 1 | |a Praha |b Vysoká škola ekonomická v Praze |c 2020 | |
| 773 | 0 | |w eu_un_cat*s120013 | |
| 610 | 2 | 0 | |a ekonómia politická |
| 610 | 2 | 0 | |a výskum ekonomický |
| 610 | 2 | 0 | |a teórie ekonomické |